Birds Eye View of MS Bombay Tyres Tread with Emphasis on Areas of Management (Record no. 230048)
[ view plain ]
| 000 -LEADER | |
|---|---|
| fixed length control field | 00663nam a22002177a 4500 |
| 005 - DATE AND TIME OF LATEST TRANSACTION | |
| control field | 20240305142501.0 |
| 008 - FIXED-LENGTH DATA ELEMENTS--GENERAL INFORMATION | |
| fixed length control field | 240305b ||||| |||| 00| 0 eng d |
| 040 ## - CATALOGING SOURCE | |
| Transcribing agency | AL |
| 041 ## - LANGUAGE CODE | |
| Language code of text/sound track or separate title | eng |
| 082 ## - DEWEY DECIMAL CLASSIFICATION NUMBER | |
| Edition number | 23 |
| Classification number | 678.32 |
| Item number | BOMB |
| 100 ## - MAIN ENTRY--PERSONAL NAME | |
| Personal name | K Gokul Krishna |
| 100 ## - MAIN ENTRY--PERSONAL NAME | |
| 9 (RLIN) | 152930 |
| 245 ## - TITLE STATEMENT | |
| Title | Birds Eye View of MS Bombay Tyres Tread with Emphasis on Areas of Management |
| 260 ## - PUBLICATION, DISTRIBUTION, ETC. | |
| Place of publication, distribution, etc. | Mangalore |
| Name of publisher, distributor, etc. | St Aloysius College |
| Date of publication, distribution, etc. | 1994 |
| 300 ## - PHYSICAL DESCRIPTION | |
| Extent | 56p. |
| Other physical details | HB |
| Dimensions | 29x23cm. |
| 365 ## - TRADE PRICE | |
| Source of price type code | Management |
| 650 ## - SUBJECT ADDED ENTRY--TOPICAL TERM | |
| Topical term or geographic name entry element | Production Management |
| 9 (RLIN) | 152924 |
| 650 ## - SUBJECT ADDED ENTRY--TOPICAL TERM | |
| Topical term or geographic name entry element | Personnel Management |
| 9 (RLIN) | 152925 |
| 650 ## - SUBJECT ADDED ENTRY--TOPICAL TERM | |
| Topical term or geographic name entry element | Marketing Management |
| 9 (RLIN) | 152926 |
| 700 ## - ADDED ENTRY--PERSONAL NAME | |
| Personal name | KRISHNA (K Gokul) |
| 9 (RLIN) | 152927 |
| 942 ## - ADDED ENTRY ELEMENTS (KOHA) | |
| Source of classification or shelving scheme | Dewey Decimal Classification |
| Koha item type | Project Report |
| Withdrawn status | Lost status | Source of classification or shelving scheme | Damaged status | Not for loan | Collection code | Home library | Current library | Date acquired | Total Checkouts | Full call number | Barcode | Date last seen | Price effective from | Koha item type |
|---|---|---|---|---|---|---|---|---|---|---|---|---|---|---|
| Dewey Decimal Classification | Not for loan | Management | St Aloysius Library | St Aloysius Library | 04/25/1994 | 678.32 BOMB | D00168 | 03/05/2024 | 03/05/2024 | Project Report |